Breeding Birds of North America - Non-passerines - Statistics

General Stats
  • This quiz has been taken 52 times
    33 since last reset
  • The average score is 222 of 363
Answer Stats
Scientific Name Common Name % Correct
Mareca americana American Wigeon
100%
Branta bernicla Brant
100%
Branta hutchinsii Cackling Goose
100%
Branta canadensis Canada Goose
100%
Anas platyrhynchos Mallard
100%
Zenaida macroura Mourning Dove
100%
Cygnus olor* Mute Swan
100%
Aythya americana Redhead
100%
Anser caerulescens Snow Goose
100%
Cygnus buccinator Trumpeter Swan
100%
Strix varia Barred Owl
91%
Dendrocygna autumnalis Black-bellied Whistling-Duck
91%
Spatula discors Blue-winged Teal
91%
Astur cooperii Cooper's Hawk
91%
Megascops asio Eastern Screech-Owl
91%
Mareca strepera Gadwall
91%
Geococcyx californianus Greater Roadrunner
91%
Aythya marila Greater Scaup
91%
Strix nebulosa Great Gray Owl
91%
Bubo virginianus Great Horned Owl
91%
Aythya affinis Lesser Scaup
91%
Asio otus Long-eared Owl
91%
Anas diazi Mexican Duck
91%
Anas acuta Northern Pintail
91%
Spatula clypeata Northern Shoveler
91%
Buteo jamaicensis Red-tailed Hawk
91%
Columba livia* Rock Pigeon
91%
Anser rossii Ross's Goose
91%
Antigone canadensis Sandhill Crane
91%
Asio flammeus Short-eared Owl
91%
Cygnus columbianus Tundra Swan
91%
Megascops kennicottii Western Screech-Owl
91%
Aix sponsa Wood Duck
91%
Anas rubripes American Black Duck
82%
Fulica americana American Coot
82%
Calypte anna Anna's Hummingbird
82%
Fratercula arctica Atlantic Puffin
82%
Haliaeetus leucocephalus Bald Eagle
82%
Coragyps atratus Black Vulture
82%
Bucephala albeola Bufflehead
82%
Callipepla californica California Quail
82%
Aythya valisineria Canvasback
82%
Spatula cyanoptera Cinnamon Teal
82%
Rallus crepitans Clapper Rail
82%
Somateria mollissima Common Eider
82%
Gallinula galeata Common Gallinule
82%
Mergus merganser Common Merganser
82%
Dryobates pubescens Downy Woodpecker
82%
Streptopelia decaocto* Eurasian Collared-Dove
82%
Dendrocygna bicolor Fulvous Whistling-Duck
82%
Callipepla gambelii Gambel's Quail
82%
Aquila chrysaetos Golden Eagle
82%
Ardea herodias Great Blue Heron
82%
Ardea alba Great Egret
82%
Anser albifrons Greater White-fronted Goose
82%
Anas crecca Green-winged Teal
82%
Dryobates villosus Hairy Woodpecker
82%
Histrionicus histrionicus Harlequin Duck
82%
Lophodytes cucullatus Hooded Merganser
82%
Columbina inca Inca Dove
82%
Charadrius vociferus Killdeer
82%
Somateria spectabilis King Eider
82%
Rallus elegans King Rail
82%
Colinus virginianus Northern Bobwhite
82%
Morus bassanus Northern Gannet
82%
Aegolius acadicus Northern Saw-whet Owl
82%
Pandion haliaetus Osprey
82%
Dryocopus pileatus Pileated Woodpecker
82%
Charadrius melodus Piping Plover
82%
Mergus serrator Red-breasted Merganser
82%
Phalaropus lobatus Red-necked Phalarope
82%
Aythya collaris Ring-necked Duck
82%
Platalea ajaja Roseate Spoonbill
82%
Archilochus colubris Ruby-throated Hummingbird
82%
Oxyura jamaicensis Ruddy Duck
82%
Accipiter striatus Sharp-shinned Hawk
82%
Egretta thula Snowy Egret
82%
Strix occidentalis Spotted Owl
82%
Actitis macularius Spotted Sandpiper
82%
Melanitta perspicillata Surf Scoter
82%
Cathartes aura Turkey Vulture
82%
Rallus limicola Virginia Rail
82%
Aechmophorus occidentalis Western Grebe
82%
Grus americana Whooping Crane
82%
Tringa semipalmata Willet
82%
Phalaropus tricolor Wilson's Phalarope
82%
Melanerpes formicivorus Acorn Woodpecker
73%
Recurvirostra americana American Avocet
73%
Tyto furcata American Barn Owl
73%
Botaurus lentiginosus American Bittern
73%
Astur atricapillus American Goshawk
73%
Scolopax minor American Woodcock
73%
Gavia arctica Arctic Loon
73%
Bucephala islandica Barrow's Goldeneye
73%
Coccyzus erythropthalmus Black-billed Cuckoo
73%
Nycticorax nycticorax Black-crowned Night-Heron
73%
Rissa tridactyla Black-legged Kittiwake
73%
Haematopus bachmani Black Oystercatcher
73%
Melanitta nigra Black Scoter
73%
Chroicocephalus philadelphia Bonaparte's Gull
73%
Aegolius funereus Boreal Owl
73%
Buteo platypterus Broad-winged Hawk
73%
Pelecanus occidentalis Brown Pelican
73%
Athene cunicularia Burrowing Owl
73%
Alectoris chukar* Chukar
73%
Aechmophorus clarkii Clark's Grebe
73%
Bucephala clangula Common Goldeneye
73%
Gavia immer Common Loon
73%
Chordeiles minor Common Nighthawk
73%
Calypte costae Costa's Hummingbird
73%
Anser canagica Emperor Goose
73%
Larus hyperboreus Glaucous Gull
73%
Larus glaucescens Glaucous-winged Gull
73%
Tympanuchus cupido Greater Prairie-Chicken
73%
Tringa melanoleuca Greater Yellowlegs
73%
Butorides virescens Green Heron
73%
Crotophaga sulcirostris Groove-billed Ani
73%
Podiceps auritis Horned Grebe
73%
Fratercula corniculata Horned Puffin
73%
Tringa flavipes Lesser Yellowlegs
73%
Egretta caerulea Little Blue Heron
73%
Falco columbarius Merlin
73%
Cyrtonyx montezumae Montezuma Quail
73%
Cairina moschata* Muscovy Duck
73%
Colaptes auratus Northern Flicker
73%
Gavia pacifica Pacific Loon
73%
Falco peregrinus Peregrine Falcon
73%
Podilymbus podiceps Pied-billed Grebe
73%
Porphyrio martinica Purple Gallinule
73%
Alca torda Razorbill
73%
Podiceps grisigena Red-necked Grebe
73%
Phalaropus fulicarius Red Phalarope
73%
Buteo lineatus Red-shouldered Hawk
73%
Gavia stellata Red-throated Loon
73%
Larus delawarensis Ring-billed Gull
73%
Lagopus muta Rock Ptarmigan
73%
Bonasa umbellus Ruffed Grouse
73%
Selasphorus rufus Rufous Hummingbird
73%
Xema sabini Sabine's Gull
73%
Charadrius semipalmatus Semipalmated Plover
73%
Bubo scandiacus Snowy Owl
73%
Tringa solitaria Solitary Sandpiper
73%
Porzana carolina Sora
73%
Buteo swainsoni Swainson's Hawk
73%
Egretta tricolor Tricolored Heron
73%
Meleagris gallopavo Wild Turkey
73%
Lagopus lagopus Willow Ptarmigan
73%
Coccyzus americanus Yellow-billed Cuckoo
73%
Conturnicops noveboracensis Yellow Rail
73%
Larus smithsonianus American Herring Gull
64%
Falco sparverius American Kestrel
64%
Haematopus palliatus American Oystercatcher
64%
Picoides dorsalis American Three-toed Woodpecker
64%
Pelecanus erythrorhynchos American White Pelican
64%
Anhinga anhinga Anhinga
64%
Patagioenas fasciata Band-tailed Pigeon
64%
Archilochus alexandri Black-chinned Hummingbird
64%
Himantopus mexicanus Black-necked Stilt
64%
Cypseloides niger Black Swift
64%
Chlidonias niger Black Tern
64%
Cynanthus latirostris Broad-billed Hummingbird
64%
Gymnogyps californianus California Condor
64%
Larus californicus California Gull
64%
Selasphorus calliope Calliope Hummingbird
64%
Calidris alpina Dunlin
64%
Podiceps nigricollis Eared Grebe
64%
Antrostomus vociferus Eastern Whip-poor-will
64%
Plegadis falcinellus Glossy Ibis
64%
Phalacrocorax carbo Great Cormorant
64%
Falco rusticolus Gyrfalcon
64%
Limosa haemastica Hudsonian Godwit
64%
Campephilus principalis Ivory-billed Woodpecker
64%
Leucophaeus atricilla Laughing Gull
64%
Tympanuchus pallidicinctus Lesser Prairie-Chicken
64%
Melanerpes lewis Lewis's Woodpecker
64%
Clangula hyemalis Long-tailed Duck
64%
Stercorarius longicaudus Long-tailed Jaeger
64%
Surnia ulula Northern Hawk Owl
64%
Dryobates nuttallii Nuttall's Woodpecker
64%
Stercorarius parasiticus Parasitic Jaeger
64%
Stercorarius pomarinus Pomarine Jaeger
64%
Calidris maritima Purple Sandpiper
64%
Melanerpes erythrocephalus Red-headed Woodpecker
64%
Rhodostethia rosea Ross's Gull
64%
Buteo lagopus Rough-legged Hawk
64%
Calidris alba Sanderling
64%
Tympanuchus phasianellus Sharp-tailed Grouse
64%
Crotophaga ani Smooth-billed Ani
64%
Anarhynchus nivosus Snowy Plover
64%
Polysticta stelleri Steller's Eider
64%
Fratercula cirrhata Tufted Puffin
64%
Bartramia longicauda Upland Sandpiper
64%
Larus occidentalis Western Gull
64%
Numenius phaeopus Whimbrel
64%
Plegadis chihi White-faced Ibis
64%
Lagopus leucura White-tailed Ptarmigan
64%
Zenaida asiatica White-winged Dove
64%
Melanitta deglandi White-winged Scoter
64%
Gallinago delicata Wilson's Snipe
64%
Sphyrapicus varius Yellow-bellied Sapsucker
64%
Gavia adamsii Yellow-billed Loon
64%
Streptopelia roseogrisea* African Collared-Dove
55%
Pluvialis dominica American Golden-Plover
55%
Dryobates arizonae Arizona Woodpecker
55%
Calidris bairdii Baird's Sandpiper
55%
Limosa lapponica Bar-tailed Godwit
55%
Pluvialis squatarola Black-bellied Plover
55%
Selasphorus platycercus Broad-tailed Hummingbird
55%
Hydroprogne caspia Caspian Tern
55%
Chaetura pelagica Chimney Swift
55%
Antrostomus carolinensis Chuck-will's-widow
55%
Columbina passerina Common Ground Dove
55%
Uria aalge Common Murre
55%
Sterna hirundo Common Tern
55%
Caracara plancus Crested Caracara
55%
Nannopterum auritum Double-crested Cormorant
55%
Alle alle Dovekie
55%
Thalasseus elegans Elegant Tern
55%
Trogon elegans Elegant Trogon
55%
Micrathene whitneyi Elf Owl
55%
Buteo regalis Ferruginous Hawk
55%
Sterna forsteri Forster's Tern
55%
Leucophaeus pipixcan Franklin's Gull
55%
Perdix perdix* Gray Partridge
55%
Larus marinus Great Black-backed Gull
55%
Centrocercus urophasianus Greater Sage-Grouse
55%
Parabuteo unicinctus Harris's Hawk
55%
Larus glaucoides Iceland Gull
55%
Calidris minutilla Least Sandpiper
55%
Aramus guarauna Limpkin
55%
Limnodromus scolopaceus Long-billed Dowitcher
55%
Fregata magnificens Magnificent Frigatebird
55%
Coccyzus minor Mangrove Cuckoo
55%
Ictinia mississippiensis Mississippi Kite
55%
Anas fulvigula Mottled Duck
55%
Oreortyx pictus Mountain Quail
55%
Fulmarus glacialis Northern Fulmar
55%
Circus hudsonius Northern Harrier
55%
Glaucidium gnoma Northern Pygmy-Owl
55%
Pluvialis fulva Pacific Golden-Plover
55%
Cepphus columba Pigeon Guillemot
55%
Falco mexicanus Prairie Falcon
55%
Melanerpes carolinus Red-bellied Woodpecker
55%
Sphyrapicus ruber Red-breasted Sapsucker
55%
Dryobates borealis Red-cockaded Woodpecker
55%
Egretta rufescens Reddish Egret
55%
Calidris canutus Red Knot
55%
Rissa brevirostris Red-legged Kittiwake
55%
Phasianus colchicus* Ring-necked Pheasant
55%
Arenaria interpres Ruddy Turnstone
55%
Thalasseus sandvicensis Sandwich Tern
55%
Calidris pusilla Semipalmated Sandpiper
55%
Limnodromus griseus Short-billed Dowitcher
55%
Rostrhamus sociabilis Snail Kite
55%
Somateria fischeri Spectacled Eider
55%
Uria lomvia Thick-billed Murre
55%
Chaetura vauxi Vaux's Swift
55%
Tringa incana Wandering Tattler
55%
Bubulcus ibis Western Cattle Egret
55%
Dryobates albolarvatus White-headed Woodpecker
55%
Eudocimus albus White Ibis
55%
Aeronautes saxatalis White-throated Swift
55%
Nyctanassa violacea Yellow-crowned Night-Heron
55%
Buteo albonotatus Zone-tailed Hawk
55%
Synthliboramphus antiquus Ancient Murrelet
45%
Sterna paradisaea Arctic Tern
45%
Megaceryle alcyon Belted Kingfisher
45%
Cepphus grylle Black Guillemot
45%
Laterallus jamaicensis Black Rail
45%
Rynchops niger Black Skimmer
45%
Arenaria melanocephala Black Turnstone
45%
Numenius tahitiensis Bristle-thighed Curlew
45%
Calidris subruficollis Buff-breasted Sandpiper
45%
Phalaenoptilus nuttallii Common Poorwill
45%
Dendragapus obscurus Dusky Grouse
45%
Psiloscops flammeolus Flammulated Owl
45%
Porphyrio poliocephalus* Gray-headed Swamphen
45%
Gelochelidon nilotica Gull-billed Tern
45%
Pagophila eburnea Ivory Gull
45%
Ixobrychus exilis Least Bittern
45%
Sternula antillarum Least Tern
45%
Numenius americanus Long-billed Curlew
45%
Calothorax lucifer Lucifer Hummingbird
45%
Limosa fedoa Marbled Godwit
45%
Myiopsitta monachus* Monk Parakeet
45%
Anarhynchus montanus Mountain Plover
45%
Sterna dougallii Roseate Tern
45%
Callipepla squamata Scaled Quail
45%
Larus brachyrhynchus Short-billed Gull
45%
Dendragapus fuliginosus Sooty Grouse
45%
Onychoprion fuscatus Sooty Tern
45%
Spilopelia chinensis* Spotted Dove
45%
Calidris virgata Surfbird
45%
Elanoides forficatus Swallow-tailed Kite
45%
Calidris mauri Western Sandpiper
45%
Patagioenas leucocephala White-crowned Pigeon
45%
Anarhynchus wilsonia Wilson's Plover
45%
Mycteria americana Wood Stork
45%
Onychoprion aleuticus Aleutian Tern
36%
Selasphorus sasin Allen's Hummingbird
36%
Chordeiles gundlachii Antillean Nighthawk
36%
Falco femoralis Aplomado Falcon
36%
Picoides arcticus Black-backed Woodpecker
36%
Charadrius hiaticula Common Ringed Plover
36%
Numenius borealis Eskimo Curlew
36%
Glaucidium brasilianum Ferruginous Pygmy-Owl
36%
Melanerpes uropygialis Gila Woodpecker
36%
Colaptes chrysoides Gilded Flicker
36%
Chloroceryle americana Green Kingfisher
36%
Centrocercus minimus Gunnison Sage-Grouse
36%
Tachybaptus dominicus Least Grebe
36%
Chordeiles acutipennis Lesser Nighthawk
36%
Hydrocoloeus minutus Little Gull
36%
Brachyramphus marmoratus Marbled Murrelet
36%
Nomonyx dominicus Masked Duck
36%
Antrostomus arizonae Mexican Whip-poor-will
36%
Nannopterum brasilianum Neotropic Cormorant
36%
Calidris melanotos Pectoral Sandpiper
36%
Urile pelagicus Pelagic Cormorant
36%
Rallus obsoletus Ridgway's Rail
36%
Calidris ptilocnemis Rock Sandpiper
36%
Thalasseus maximus Royal Tern
36%
Synthliboramphus scrippsi Scripps's Murrelet
36%
Calidris himantopus Stilt Sandpiper
36%
Megascops trichopsis Whiskered Screech-Owl
36%
Calidris fuscicollis White-rumped Sandpiper
36%
Hydrobates melania Black Storm-Petrel
27%
Urile penicillatus Brandt's Cormorant
27%
Anous stolidus Brown Noddy
27%
Antrostomus ridgwayi Buff-collared Nightjar
27%
Ptychoramphus aleuticus Cassin's Auklet
27%
Buteogallus anthacinus Common Black-Hawk
27%
Nyctridromus albicollis Common Pauraque
27%
Melanerpes aurifrons Golden-fronted Woodpecker
27%
Dryobates scalaris Ladder-backed Woodpecker
27%
Aethia pusilla Least Auklet
27%
Puffinus puffinus Manx Shearwater
27%
Aethia psittacula Parakeet Auklet
27%
Urile urile Red-faced Cormorant
27%
Sphyrapicus nuchalis Red-naped Sapsucker
27%
Cerorhinca monecerata Rhinoceros Auklet
27%
Megaceryle torquata Ringed Kingfisher
27%
Eugenes fulgens Rivoli's Hummingbird
27%
Larus schistisagus Slaty-backed Gull
27%
Canachites canadensis Spruce Grouse
27%
Aethia pygmaea Whiskered Auklet
27%
Basilinna leucotis White-eared Hummingbird
27%
Geranoaetus albicaudatus White-tailed Hawk
27%
Elanus leucurus White-tailed Kite
27%
Leptotila verrauxi White-tipped Dove
27%
Sphyrapicus thyroideus Williamson's Sapsucker
27%
Hydrobates homocrhoa Ashy Storm-Petrel
18%
Hydrobates furcata Fork-tailed Storm-Petrel
18%
Hydrobates leucorhous Leach's Storm-Petrel
18%
Ortalis vetula Plain Chacalaca
18%
Patagioenas flavirostris Red-billed Pigeon
18%
Buteo brachyurus Short-tailed Hawk
18%
Aethia cristatella Crested Auklet
9%
Buteo plagiatus Gray Hawk
9%
Chonrohierax uncinatus Hook-billed Kite
9%
Brachyramphus brevirostris Kittlitz's Murrelet
9%
Amazona viridigenalis* Red-crowned Parrot
9%
Synthliboramphus hypoleucus Guadeloupe Murrelet
0%
No matching quizzes found
Score Distribution
Percent of People with Each Score
Percentile by Number Answered
Your Score History
You have not taken this quiz since the last reset